| 000 | 00493nam a2200193Ia 4500 | ||
|---|---|---|---|
| 008 | 210417s9999 xx 000 0 und d | ||
| 020 | _a9788178803531 | ||
| 020 | _b8178803534 | ||
| 082 | _a302.2244 BHA | ||
| 082 | _b22.302.2244 BHA | ||
| 245 | 0 | _aWritten Communication | |
| 245 | 0 | _cWritten Communication | |
| 250 | _b"viii, 290 p., hbk." | ||
| 260 | _aNew Delhi | ||
| 260 | _bRajat Publications | ||
| 260 | _c2018 | ||
| 700 | _a"Bhatnagar, Piyush " | ||
| 700 | _bPiyush Bhatnagar | ||
| 999 |
_c487991 _d487991 |
||